Assembly aims to help business (Record no. 60274)
[ view plain ]
| 000 -LEADER | |
|---|---|
| fixed length control field | 00834cam a2200253 4500 |
| 001 - CONTROL NUMBER | |
| control field | WB3542-35 |
| 008 - FIXED-LENGTH DATA ELEMENTS--GENERAL INFORMATION | |
| fixed length control field | 000000n1999 000 0 eng u |
| 035 ## - SYSTEM CONTROL NUMBER | |
| System control number | (Sirsi) u101000 |
| 245 ## - TITLE STATEMENT | |
| Title | Assembly aims to help business |
| 260 ## - PUBLICATION, DISTRIBUTION, ETC. | |
| Date of publication, distribution, etc. | 1999 |
| 490 ## - SERIES STATEMENT | |
| Series statement | Western Mail |
| Volume/sequential designation | 27 October 1999, 15(1) |
| 520 ## - SUMMARY, ETC. | |
| Summary, etc. | The Welsh National Assembly has issued a consultation paper to gauge the views of interested parties on their proposals for a transitional relief scheme to accompany the business rate revaluation in 2000. |
| 590 ## - LOCAL NOTE (RLIN) | |
| Local note | WB |
| 650 ## - SUBJECT ADDED ENTRY--TOPICAL TERM | |
| Topical term or geographic name entry element | WALES |
| 650 ## - SUBJECT ADDED ENTRY--TOPICAL TERM | |
| Topical term or geographic name entry element | NATIONAL ASSEMBLY |
| 650 ## - SUBJECT ADDED ENTRY--TOPICAL TERM | |
| Topical term or geographic name entry element | TRANSITIONAL RELIEF |
| 650 ## - SUBJECT ADDED ENTRY--TOPICAL TERM | |
| Topical term or geographic name entry element | BUSINESS RATES |
| 650 ## - SUBJECT ADDED ENTRY--TOPICAL TERM | |
| Topical term or geographic name entry element | CONSULTATION PAPERS |
| 650 ## - SUBJECT ADDED ENTRY--TOPICAL TERM | |
| Topical term or geographic name entry element | RATING REVALUATION |
| 650 ## - SUBJECT ADDED ENTRY--TOPICAL TERM | |
| Topical term or geographic name entry element | RATING REVALUATION 2000 |
| 650 ## - SUBJECT ADDED ENTRY--TOPICAL TERM | |
| Topical term or geographic name entry element | WALES |
| 690 ## - LOCAL SUBJECT ADDED ENTRY--TOPICAL TERM (OCLC, RLIN) | |
| Topical term or geographic name as entry element | RATING AND VALUATION |
| 942 ## - ADDED ENTRY ELEMENTS (KOHA) | |
| Suppress in OPAC | 0 |
| Withdrawn status | Lost status | Source of classification or shelving scheme | Damaged status | Not for loan | Home library | Current library | Shelving location | Date acquired | Total Checkouts | Full call number | Barcode | Date last seen | Copy number | Price effective from | Koha item type |
|---|---|---|---|---|---|---|---|---|---|---|---|---|---|---|---|
| Dewey Decimal Classification | London | London | News article | 27/10/1999 | WB2542-35 | 101000-1001 | 06/08/2019 | 1 | 06/08/2019 | News article |